The relative autonomy of artistic expression : Bajtin and Adorno
Shranjeno v:
| Glavni avtor: | |
|---|---|
| Format: | Neznan |
| Izdano: |
Amsterdam:
Correspondence ,
1989
|
| Teme: | |
| Oznake: |
Označite
Brez oznak, prvi označite!
|
MARC
| LEADER | 000000000a22000000004500 | ||
|---|---|---|---|
| 001 | 000213 | ||
| 041 | 0 | |a inglés | |
| 092 | 0 | |a 809 G633r | |
| 100 | 1 | |a Gómez Moriana, Antonio | |
| 245 | 1 | 0 | |a The relative autonomy of artistic expression : Bajtin and Adorno |
| 260 | |a Amsterdam: |b Correspondence , |c 1989 | ||
| 300 | |a 95-105 páginas | ||
| 500 | |a En: Critical Studies, Volumen 1, número 2, 1989 | ||
| 650 | 4 | |a ADORNO, THEODOR WIESENGRUND, 1903-1969 | |
| 650 | 4 | |a LITERATURA | |
| 650 | 4 | |a HISTORIA Y CRITICA | |
| 650 | 4 | |a ESTETICA | |
| 650 | 4 | |a BAJTIN, MIJAIL MIJAILOVICH, 1895-1975 | |
| 773 | 0 | |t Critical Studies | |
| 773 | 0 | |g 1 | |
| 773 | 0 | |g 2 | |
| 999 | |c 848 |d 848 | ||
